000 01361njm a2200325 a 4500
003 BLK
005 20240808155510.0
007 sd bsmennmp|nu
008 240808b opnngs|||||||| | che d
028 _a885049
040 _aBLK
041 0 _aDEU
_cDEU
080 _aКамерна музика. Музика за няколко солови инструмента - дует, трио, квартет, квинтет, секстет, септет, нонет и др.
_b785.7
_x(086.72)
_z785.7(086.72)
100 _9493962
_aMatthus, Siegfried
245 _aKleines Orchesterkonzert fur 2 Floten, 3 Posaunen, Harfe, Klavier, Schlagzeug und Streicher
_cSiegfried Matthus
245 _aMusik fur Streichorchester
_cGerhard Tittel
245 _aKammersonfonie
_cPeter Herrmann
260 _aBerlin
_bNova
_cs.a.
_9493964
300 _a1 грамофонни плочи 33 об./мин.
_bстерео
_c30 см
380 _a7
511 _aBerliner Sinfonie-Orchester ; Gunther Herbig, conductor.
650 0 _9316670
_aКамерна музика, инструментална
700 _aHerrmann, Peter
_9493961
700 _aTittel, Gerhard
_9415953
852 _aФ ІІ 427
_bЦб
856 _i0.00
_ldisable
942 _cGPL
_n0
944 _cГеновева Генчева
_k30560
_lГеновева Генчева
999 _c515083
_d515083
999 _d515083